Central Library OPAC University of Rajshahi
Normal view MARC view

Entry Personal Name

Number of records used in: 2

001 - CONTROL NUMBER

  • control field: 5521

003 - CONTROL NUMBER IDENTIFIER

  • control field: BD-RjUL

005 - DATE AND TIME OF LATEST TRANSACTION

  • control field: 20221027093502.0

008 - FIXED-LENGTH DATA ELEMENTS

  • fixed length control field: 221027|| aca||aabn | a|a d

040 ## - CATALOGING SOURCE

  • Original cataloging agency: BD-RjUL
  • Transcribing agency: BD-RjUL

100 ## - HEADING--PERSONAL NAME

  • Personal name: মনিরুজ্জামান, জি. এম

670 ## - SOURCE DATA FOUND

  • Source citation: Work cat.: (BD-RjUL)80637: মনিরুজ্জামান, জি. এম., বম্কিমচন্দ্র চট্রোপাধ্যায়ের ঐতিহাসিক উপন্যাস :, ২০০৮